000 00670nam a2200193 i 4500
001 54164
003 ES-MaACL
005 20230906162916.0
007 t|
008 031127s1957 sp b |||| | spa d
245 0 0 _aFichero de historia económico-social.
_pEspaña.
260 _aMadrid :
_bOrganizacion Sindical de F.E.T. y de las J.O.N.S.,
_c1957.
300 _a350 p. ;
_c22 cm.
500 _aPrecede al tít.: Centro de Estudios Sindicales.
651 4 _aEspaña-
_xSituación social-
_vBibliografías.
_98510
651 4 _aEspaña-
_xSituación económica-
_vBibliografías.
_9167687
710 2 _aCentro de Estudios Sindicales.
_92669
852 _aES-MaACL
_jE-4316
999 _c54164
_d54164